Sports Quiz

Random Sports or Football Quiz

Kansas City Chiefs Playoff Wins Quiz Stats

 Plays Quiz not verified by Sporcle

Score 0/10 Timer 03:00
0 Plays Today
Season Team % Correct
2018Indianapolis Colts
100%
2015Houston Texans
94.6%
1969Minnesota Vikings
79.7%
1993Houston Oilers
77%
1993Pittsburgh Steelers
73%
1969Oakland Raiders
66.2%
1991Los Angeles Raiders
66.2%
1962Houston Oilers
56.8%
1969New York Jets
55.4%
1966Buffalo Bills
45.9%

You're not logged in!

Compare scores with friends on all Sporcle quizzes.
OR
Log In

Sporcle TV

Today on Sporcle TV


Watch our educational content, quiz creation guides, and fun videos on Sporcle TV.

Show Comments

Extras

Top Quizzes Today


Score Distribution

Your Account Isn't Verified!

In order to create a playlist on Sporcle, you need to verify the email address you used during registration. Go to your Sporcle Settings to finish the process.

Report this User

Report this user for behavior that violates our Community Guidelines.

Details: